[Event "Bundesliga 2009-10"]
[Site "Katernberg GER"]
[Date "2010.03.20"]
[Round "12"]
[White "Mamedyarov,S"]
[Black "Vachier Lagrave,M"]
[Result "1/2-1/2"]
[WhiteElo "2721"]
[BlackElo "2718"]

1.d4 Nf6 2.c4 g6 3.Nc3 d5 4.cxd5 Nxd5 5.Bd2 Bg7 6.e4 Nxc3 7.Bxc3 c5 8.d5 Bxc3+
9.bxc3 O-O 10.Qd2 Nd7 11.Nf3 Qc7 12.Bd3 Nf6 13.h3 e5 14.Qh6 Ne8 15.O-O f6
16.Nd2 Nd6 17.Qh4 c4 18.Bc2 Bd7 19.f4 Qb6+ 20.Rf2 Qe3 21.fxe5 fxe5 22.Nf3 Rxf3
23.gxf3 Rf8 24.Rf1 Nf7 25.Kh1  1/2-1/2

[Event "Presidents Cup"]
[Site "Baku AZE"]
[Date "2010.04.29"]
[Round "1"]
[White "Mamedyarov,S"]
[Black "Polgar,Ju"]
[Result "1-0"]
[WhiteElo "2760"]
[BlackElo "2682"]

1.d4 Nf6 2.c4 e6 3.Nf3 b6 4.g3 Ba6 5.Qa4 Bb7 6.Bg2 c5 7.dxc5 bxc5 8.O-O Be7
9.Nc3 O-O 10.Rd1 Qb6 11.Bf4 Rd8 12.Rd2 Nc6 13.Rad1 Nd4 14.Nxd4 cxd4 15.Bxb7 dxc3
16.Bxa8 cxd2 17.Bf3 Bc5 18.Kg2 Qxb2 19.Bxd2 h6 20.Qb5 Qc2 21.Ba5 Rc8 22.Rd2 Qf5
23.Bc7 g5 24.h3 h5 25.g4 hxg4 26.hxg4 Nxg4 27.e4 Qg6 28.Qxc5 Nf6 29.Kg1 g4
30.Bg2 g3 31.fxg3 Ng4 32.Rxd7 Qh6 33.Qd4 e5 34.Bxe5 Qg5 35.Bf4 Qa5 36.Bd2 Qe5
37.Rd8+ Rxd8 38.Qxd8+ Kg7 39.Qg5+  1-0

[Event "Presidents Cup"]
[Site "Baku AZE"]
[Date "2010.04.30"]
[Round "3"]
[White "Guseinov,G"]
[Black "Mamedyarov,S"]
[Result "1/2-1/2"]
[WhiteElo "2609"]
[BlackElo "2760"]

1.e4 e5 2.Nf3 Nc6 3.Bb5 a6 4.Bxc6 dxc6 5.O-O Qf6 6.d4 exd4 7.Bg5 Qd6 8.Nxd4 Bd7
9.Nc3 Qg6 10.Qd2 Bb4 11.Rad1 Nf6 12.Bxf6 Bxc3 13.Qxc3 Qxf6  1/2-1/2

[Event "Presidents Cup"]
[Site "Baku AZE"]
[Date "2010.05.01"]
[Round "7"]
[White "Mamedov,Rau"]
[Black "Mamedyarov,S"]
[Result "0-1"]
[WhiteElo "2639"]
[BlackElo "2760"]

1.e4 d6 2.d4 Nf6 3.Nc3 g6 4.Nf3 Bg7 5.g3 O-O 6.Bg2 Nc6 7.O-O e5 8.d5 Ne7
9.h3 h6 10.Nh2 Kh7 11.Ne2 c6 12.c4 b5 13.c5 Nxe4 14.cxd6 Nxd6 15.dxc6 Qc7
16.Be3 Rd8 17.Nc3 Be6 18.Bc5 a6 19.Qc2 Rac8 20.Bxd6 Rxd6 21.Rac1 f5 22.h4 b4
23.Na4 e4 24.Qe2 Rxc6 25.Rxc6 Qxc6 26.b3 Qb5 27.Qd2 Nd5 28.h5 gxh5 29.Bh3 h4
30.g4 f4  0-1

[Event "FIDE GP"]
[Site "Astrakhan RUS"]
[Date "2010.05.10"]
[Round "1"]
[White "Mamedyarov,S"]
[Black "Jakovenko,D"]
[Result "1/2-1/2"]
[WhiteElo "2763"]
[BlackElo "2725"]

1.d4 Nf6 2.c4 e6 3.Nc3 Bb4 4.Nf3 c5 5.g3 cxd4 6.Nxd4 O-O 7.Bg2 d5 8.cxd5 Nxd5
9.Qb3 Qa5 10.Bd2 Nc6 11.Nxc6 bxc6 12.O-O Bxc3 13.bxc3 Ba6 14.Rfd1 Qc5 15.e4 Bc4
16.Qa4 Nb6 17.Qb4 Qh5 18.Re1 c5 19.Qa5 Rfc8 20.Be3 Be2 21.Bf4 Bd3 22.e5 Nd5
23.Be3 Qxe5 24.Bxc5 Qc7 25.Qxc7 Rxc7 26.Bxd5 exd5 27.Re3 Rxc5 28.Rxd3 Ra5
29.Rad1 Rxa2 30.Rxd5 g6 31.c4 Rc2 32.Rd8+ Rxd8 33.Rxd8+ Kg7 34.Ra8 Rxc4 35.Rxa7  1/2-1/2

[Event "FIDE GP"]
[Site "Astrakhan RUS"]
[Date "2010.05.12"]
[Round "3"]
[White "Mamedyarov,S"]
[Black "Eljanov,P"]
[Result "1/2-1/2"]
[WhiteElo "2763"]
[BlackElo "2751"]

1.d4 Nf6 2.c4 e6 3.Nf3 d5 4.Nc3 Bb4 5.Qa4+ Nc6 6.Bg5 h6 7.Bxf6 Qxf6 8.cxd5 exd5
9.e3 O-O 10.Be2 Be6 11.O-O a6 12.Rfc1 Bd6 13.Qd1 Ne7 14.Na4 b6 15.Nc3 Rfc8
16.Qf1 b5 17.a4 c6 18.Nb1 bxa4 19.Nc3 Bg4 20.Nxa4 Bxf3 21.Bxf3 Rcb8 22.Qe2 a5
23.Qd2 Bb4 24.Qd3 g6 25.b3 Qd6 26.Rc2 Rb5 27.h4 h5 28.g3 Rab8 29.Kg2 Qd7
30.Nc3 R5b7 31.Ne2 Bd6 32.Nc1 Qd8 33.Qc3 Bb4 34.Qd3 Bd6 35.Qc3 Bb4 36.Qd3  1/2-1/2

[Event "FIDE GP"]
[Site "Astrakhan RUS"]
[Date "2010.05.14"]
[Round "5"]
[White "Mamedyarov,S"]
[Black "Svidler,P"]
[Result "1/2-1/2"]
[WhiteElo "2763"]
[BlackElo "2735"]

1.d4 Nf6 2.c4 g6 3.Nc3 d5 4.Nf3 Bg7 5.Qb3 dxc4 6.Qxc4 O-O 7.e4 a6 8.Be2 b5
9.Qb3 c5 10.dxc5 Be6 11.Qc2 Nbd7 12.b4 a5 13.Rb1 axb4 14.Rxb4 Nxc5 15.O-O Qc8
16.Nd4 Ncxe4 17.Nxe4 Qxc2 18.Nxc2 Nxe4 19.Rxe4 Bf5 20.Rxe7 Bxc2 21.Bxb5 Rxa2
22.Re2 Bb3 23.Rxa2 Bxa2  1/2-1/2

[Event "FIDE GP"]
[Site "Astrakhan RUS"]
[Date "2010.05.16"]
[Round "6"]
[White "Mamedyarov,S"]
[Black "Gashimov,V"]
[Result "1/2-1/2"]
[WhiteElo "2763"]
[BlackElo "2734"]

1.d4 d5 2.c4 c6 3.Nc3 Nf6 4.Nf3 a6 5.a4 e6 6.g3 dxc4 7.Bg2 c5 8.O-O cxd4
9.Nxd4 Bc5 10.Nc2 O-O 11.Ne3 Bxe3 12.Bxe3 Nc6 13.a5 e5 14.Qa4 Be6 15.Rfd1 Qc7
16.Bb6 Qe7 17.Bxc6 bxc6 18.Qxc6 Rfc8 19.Qf3 Bd7 20.Qe3 Bc6 21.f3 Qe6 22.Rd2 e4
23.Qf4 exf3 24.exf3 Nh5 25.Qh4 Nf6 26.Bd4 Rd8 27.Qf4 Nd5 28.Nxd5 Rxd5 29.Bc3 Rf5
30.Rd6 Rxf4 31.Rxe6 fxe6 32.gxf4 Bxf3 33.Kf2 Bd5 34.Rg1 g6 35.h4 Kf7 36.h5 Rg8
37.hxg6+ Rxg6 38.Rxg6 Kxg6 39.Kg3 Kf5 40.Be5 h5 41.Bc7 Bc6 42.Bd6 Bd5 43.Bc7  1/2-1/2

[Event "FIDE GP"]
[Site "Astrakhan RUS"]
[Date "2010.05.17"]
[Round "7"]
[White "Wang Yue"]
[Black "Mamedyarov,S"]
[Result "1/2-1/2"]
[WhiteElo "2752"]
[BlackElo "2763"]

1.d4 Nf6 2.c4 g6 3.g3 Bg7 4.Bg2 O-O 5.Nc3 d6 6.Nf3 Nbd7 7.O-O e5 8.e4 exd4
9.Nxd4 Re8 10.Re1 a6 11.b3 c5 12.Nc2 Ne5 13.a4 Rb8 14.Rb1 Be6 15.Bb2 h5 16.Nd5 b5
17.axb5 axb5 18.Bxe5 dxe5 19.Nce3 bxc4 20.bxc4 Rxb1 21.Qxb1 Qa5 22.Rd1 Ng4
23.Qb5 Ra8 24.Nxg4 Bxg4 25.Qxa5 Rxa5 26.f3 Be6 27.Bf1 Ra7 28.Rd2 Bh6 29.Rb2 Ra3
30.Kg2 Kg7 31.Be2 Ra1 32.h4 Bc1 33.Rc2 Bd7 34.Bd3 Ba4 35.Rf2 Ra3 36.Bc2 Bc6
37.Bb1 Rb3 38.Bc2 Rb7 39.Rf1 Bh6 40.Rb1 Ra7 41.Bb3 Ra3 42.Rb2 Ra1 43.Ra2 Rc1
44.Ba4 Bb7 45.Rc2 Ra1 46.Bd7 Bc1 47.Kf2 Bh6 48.Kg2 Bc1 49.Kf2  1/2-1/2

[Event "FIDE GP"]
[Site "Astrakhan RUS"]
[Date "2010.05.19"]
[Round "9"]
[White "Inarkiev,E"]
[Black "Mamedyarov,S"]
[Result "0-1"]
[WhiteElo "2669"]
[BlackElo "2763"]

1.e4 c5 2.Nf3 e6 3.c4 Nc6 4.Nc3 Nd4 5.g3 Ne7 6.Nxd4 cxd4 7.Ne2 Nc6 8.Bg2 Rb8
9.O-O b5 10.d3 bxc4 11.dxc4 e5 12.b3 a5 13.f4 Bc5 14.Kh1 d6 15.Bd2 Bg4 16.Bf3 Bxf3+
17.Rxf3 f5 18.Qc2 Qe7 19.Re1 O-O 20.Nc1 Nb4 21.Bxb4 Bxb4 22.Re2 Qb7 23.Kg1 Ba3
24.Rf1 Rbe8 25.Rfe1 Bb4 26.Rf1 Ba3 27.Rfe1 d5 28.cxd5 Rc8 29.Qb1 Rxc1 30.Rxc1 d3
31.Qxd3 Bxc1 32.fxe5 f4 33.gxf4 Bxf4 34.e6 Be5 35.Qe3 Qb4 36.Kg2 h6 37.Qd2 Qc5
38.Qe3 Qb4 39.Qd2 Qe7 40.h3 Qh4 41.Qe3 Rf6 42.Rf2 Rg6+ 43.Kf1 Rg3 44.Qa7 Qxh3+
45.Ke2 Kh7 46.Qf7 Re3+  0-1

[Event "Sparkassen GM"]
[Site "Dortmund GER"]
[Date "2010.07.21"]
[Round "6"]
[White "Mamedyarov,S"]
[Black "Naiditsch,A"]
[Result "0-1"]
[WhiteElo "2761"]
[BlackElo "2684"]

1.d4 Nf6 2.c4 e6 3.Nf3 d5 4.Nc3 dxc4 5.Qa4+ Nbd7 6.e4 a6 7.Bxc4 c6 8.Qd1 b5
9.Bd3 Bb7 10.e5 Nd5 11.Nxd5 cxd5 12.Ng5 Be7 13.h4 Qb6 14.Qg4 h6 15.Nf3 g6
16.Bd2 a5 17.O-O b4 18.a3 Ba6 19.Bxa6 Rxa6 20.Rfc1 Qb7 21.h5 g5 22.Nh2 bxa3
23.bxa3 O-O 24.Qg3 Qb2 25.Nf3 Rb6 26.Bc3 Qb5 27.a4 Qa6 28.Bd2 Kh7 29.Rc7 Rb7
30.Rac1 Rxc7 31.Rxc7 Rd8 32.Nh2 Qe2 33.Bxa5 Qd1+ 34.Nf1 Qxa4 35.Qc3 Ra8 36.Rxd7  0-1

[Event "Sparkassen GM"]
[Site "Dortmund GER"]
[Date "2010.07.23"]
[Round "8"]
[White "Le Quang Liem"]
[Black "Mamedyarov,S"]
[Result "1/2-1/2"]
[WhiteElo "2681"]
[BlackElo "2761"]

1.Nf3 Nf6 2.c4 e6 3.g3 d5 4.d4 Be7 5.Bg2 O-O 6.O-O dxc4 7.Qc2 a6 8.a4 Bd7
9.Qxc4 Bc6 10.Bf4 a5 11.Nc3 Na6 12.Rac1 Nb4 13.Ne5 Bxg2 14.Kxg2 Nfd5 15.Nxd5 Qxd5+
16.Qxd5 Nxd5 17.Bd2 c6 18.Nc4 Bb4 19.Rfd1 Rfd8 20.Kf3 f5 21.Bxb4 axb4 22.a5 g5
23.h3 h5 24.e3 Kf8 25.g4 Ke7 26.Rg1 fxg4+ 27.hxg4 h4 28.Ke2 Rdc8 29.f4 gxf4
30.e4 f3+ 31.Kxf3 Rf8+ 32.Ke2 Nf4+ 33.Ke3 h3 34.Rg3 Ng2+ 35.Ke2 Nf4+ 36.Ke3 Ng2+
37.Ke2 Kf6 38.Ne5 Kg5 39.Nf3+ Kf4 40.Rxh3 Kxg4 41.Rh2 Nf4+ 42.Ke3 Nd5+ 43.exd5 Rxf3+
44.Ke2 exd5 45.Rg1+ Rg3 46.Rxg3+ Kxg3 47.Rh7 Kf4 48.Kd3 Rxa5 49.Rf7+ Kg5
50.Rxb7 Kf5 51.Rb6 Ra2 52.Rxb4 Ke6  1/2-1/2

[Event "39th Olympiad Men"]
[Site "Khanty-Mansiysk RUS"]
[Date "2010.09.27"]
[Round "6"]
[White "Mamedyarov,S"]
[Black "Sasikiran,K"]
[Result "1-0"]
[WhiteElo "2756"]
[BlackElo "2681"]

1.g3 d5 2.Bg2 Nf6 3.Nf3 c6 4.O-O Bg4 5.d4 Nbd7 6.Nbd2 e6 7.Re1 Be7 8.e4 O-O
9.e5 Ne8 10.c3 c5 11.dxc5 Nxc5 12.Nb3 Rc8 13.Nbd4 Nc7 14.h3 Bh5 15.Ne2 Qd7
16.Nf4 Bxf3 17.Qxf3 Rfd8 18.h4 b5 19.Be3 Na4 20.Re2 Bc5 21.Rf1 Bxe3 22.fxe3 Nb6
23.Nh5 Ne8 24.Ref2 Rc7 25.Qg4 Nc4 26.Qg5 h6 27.Qf4 Qe7 28.Bh3 Qc5 29.Re2 Qb6
30.b3 Na5 31.g4 Kh7 32.g5 g6 33.gxh6 gxh5 34.Rg2 Nc6 35.Qg5 f5 36.Qg6+  1-0

[Event "39th Olympiad Men"]
[Site "Khanty-Mansiysk RUS"]
[Date "2010.09.30"]
[Round "9"]
[White "Mamedyarov,S"]
[Black "Ivanchuk,V"]
[Result "1-0"]
[WhiteElo "2756"]
[BlackElo "2754"]

1.d4 Nf6 2.c4 e6 3.Nf3 c5 4.d5 d6 5.Nc3 exd5 6.cxd5 g6 7.Nd2 Bg7 8.e4 O-O
9.Be2 Na6 10.O-O Re8 11.f3 Nc7 12.a4 Nd7 13.Kh1 b6 14.Ra3 Qe7 15.a5 Bb7 16.Nb5 Nf6
17.Nxc7 Qxc7 18.Bb5 Reb8 19.Nc4 bxa5 20.Bf4 Bf8 21.e5 Nxd5 22.exd6 Qd8 23.Bg3 Nb4
24.d7 Bd5 25.Bxb8 Rxb8 26.Ne3 Be6 27.Ba4 Bg7 28.f4 Bxb2 29.f5 Bxd7 30.fxg6 hxg6
31.Qb3 Bxa3 32.Qxf7+ Kh8 33.Bxd7 Qg8 34.Qf6+ Qg7 35.Qh4+ Qh7 36.Qf4 Ra8 37.Qf3 Rb8
38.Qf4 Ra8 39.Be6 Bb2 40.Nc4 Bd4 41.Nd6 a4 42.Nf7+ Kg7 43.Ng5 Qh5 44.g4 Qh4
45.Qc7+ Kh8 46.Nf7+ Kh7 47.Ne5+ Kh6 48.g5+  1-0

[Event "14th Corsica KO"]
[Site "Bastia FRA"]
[Date "2010.10.29"]
[Round "2.4"]
[White "Mamedyarov,S"]
[Black "Jones,G"]
[Result "1/2-1/2"]
[WhiteElo "2756"]
[BlackElo "2576"]

1.d4 Nf6 2.c4 c5 3.d5 b5 4.Qc2 g6 5.e4 bxc4 6.Bxc4 d6 7.h3 Bg7 8.Nf3 O-O
9.O-O Ba6 10.Na3 Nfd7 11.Rb1 Nb6 12.b3 Qc8 13.Bb2 Bxc4 14.Nxc4 Nxc4 15.bxc4 Bxb2
16.Qxb2 Nd7 17.e5 Nb6 18.Qc1 Qf5 19.Re1 Rab8 20.Rb3 Nd7 21.Qh6 Qh5 22.Qxh5 gxh5
23.exd6 exd6 24.Re7 Nb6 25.Nd2 Ra8 26.Rg3+ Kh8 27.Rf3 Kg7 28.Rg3+ Kh6 29.Nf3 Rg8
30.Rxg8 Rxg8 31.Nd2 Kg6 32.Rxa7 Kf6 33.a4 Re8 34.Kf1 Rb8 35.a5 Nc8 36.Rc7 Ne7
37.a6 Nf5 38.a7 Ra8 39.Nb3 h4 40.Na5 Nd4 41.Nc6 Kf5 42.Rxf7+ Ke4 43.Rb7 Nb3
44.Rb8  1/2-1/2

[Event "14th Corsica KO"]
[Site "Bastia FRA"]
[Date "2010.10.30"]
[Round "3.2"]
[White "Van Wely,L"]
[Black "Mamedyarov,S"]
[Result "1-0"]
[WhiteElo "2679"]
[BlackElo "2756"]

1.c4 Nf6 2.Nc3 g6 3.e4 d6 4.d4 Bg7 5.Nf3 O-O 6.Be2 e5 7.O-O exd4 8.Nxd4 Re8
9.f3 Nc6 10.Be3 Nh5 11.Qd2 Nf4 12.Nxc6 Nxe2+ 13.Nxe2 bxc6 14.Bd4 Bxd4+ 15.Qxd4 c5
16.Qc3 f5 17.Nf4 c6 18.Rae1 fxe4 19.fxe4 Qe7 20.Nd3 Be6 21.b3 Rf8 22.Rxf8+ Rxf8
23.e5 Bf5 24.exd6 Qxd6 25.Ne5 Rd8 26.g4 Bc8 27.Qf3 Qd4+ 28.Kg2 Rf8 29.Qe3 Qb2+
30.Re2 Qb1 31.Kg3 Re8 32.Qxc5 Bxg4 33.Kxg4 Qf5+ 34.Kg3 Qg5+ 35.Kf3 Qh5+ 36.Kf2 Qxh2+
37.Ke1 Qh1+ 38.Kd2 Rd8+ 39.Nd3 Qb1 40.Qe3 Qb2+ 41.Ke1 Qc3+ 42.Rd2 Rf8 43.Qe6+ Rf7
44.Ke2 Qa1 45.Qe8+ Rf8 46.Qe6+ Kg7 47.Ke3 Qg1+ 48.Ke4 Qh1+ 49.Kd4 Rd8+ 50.Kc5 Qg1+
51.Kb4 Qb6+ 52.Kc3 Qa5+ 53.Kc2 Qxa2+ 54.Kd1 Qxb3+ 55.Ke2 Qb7 56.Ne5 Rxd2+
57.Kxd2 Qb2+ 58.Kd3 Qb3+ 59.Kd4 Qb6+ 60.Ke4 Qb1+ 61.Kd4 Qb2+ 62.Kc5 Qb6+
63.Kd6 c5+ 64.Nc6 h5 65.Kd5 a5 66.Qe7+ Kh6 67.Ne5 a4 68.Nf7+ Kg7 69.Ng5+ Kh6
70.Ne6  1-0

[Event "14th Corsica KO"]
[Site "Bastia FRA"]
[Date "2010.10.30"]
[Round "3.3"]
[White "Van Wely,L"]
[Black "Mamedyarov,S"]
[Result "1/2-1/2"]
[WhiteElo "2679"]
[BlackElo "2756"]

1.d4 Nf6 2.c4 e6 3.Nf3 d5 4.Nc3 Bb4 5.Bg5 Nbd7 6.cxd5 exd5 7.Qc2 c6 8.e3 h6
9.Bh4 O-O 10.Bd3 Re8 11.O-O Be7 12.Rab1 Ne4 13.Bxe7 Qxe7 14.b4 a6 15.a4 Nf8
16.Bxe4 dxe4 17.Nd2 Bf5 18.b5 axb5 19.axb5 Ng6 20.bxc6 bxc6 21.Ne2 Nh4 22.Ng3 Qe6
23.Qc4 Qd7 24.Rfc1 Rac8 25.Rb6 c5 26.d5 Re5 27.d6 Rd8 28.Ndxe4 Bxe4 29.Nxe4 Qf5
30.Ng3 Qf6 31.Rd1 Nf5 32.Nxf5 Rxf5 33.f4 Qg6 34.Rb7 Rxd6 35.Rxd6 Qxd6 36.Qe4 Qd1+
37.Kf2 Qd2+ 38.Kf3 Qd1+ 39.Kf2 Qd2+ 40.Kf3 Qd1+ 41.Kf2 g6 42.Rb8+ Kg7 43.Qe8 Qd2+
44.Kf3 Qd1+ 45.Kf2 Qd2+ 46.Kf3 Qd1+ 47.Kf2 Qd2+  1/2-1/2

[Event "Tal Memorial"]
[Site "Moscow RUS"]
[Date "2010.11.06"]
[Round "2"]
[White "Mamedyarov,S"]
[Black "Karjakin,Sergey"]
[Result "1/2-1/2"]
[WhiteElo "2763"]
[BlackElo "2760"]

1.d4 Nf6 2.c4 e6 3.Nc3 Bb4 4.Nf3 c5 5.g3 cxd4 6.Nxd4 Ne4 7.Qd3 Nxc3 8.bxc3 Be7
9.Bg2 O-O 10.O-O d6 11.Rd1 a6 12.Be4 h6 13.Qf3 Nd7 14.Rb1 Qc7 15.Bc2 Ne5
16.Qh5 Bf6 17.Rb4 Rd8 18.Nf3 Bd7 19.Be3 Nxf3+ 20.Qxf3 Bc6 21.Be4 Bxe4 22.Qxe4 Rd7
23.Rdb1 d5 24.Qf3 b5 25.cxb5 axb5 26.Bxh6 Qxc3 27.Qg4 Rxa2 28.Rxb5 Rd8 29.Bg5 Ra1
30.Bxf6 Rxb1+ 31.Rxb1 Qxf6 32.e3 d4 33.exd4 Qxd4 34.Qxd4 Rxd4 35.Ra1 Rd5
36.Rb1 Rd4 37.Ra1 Rd5 38.Rb1 Rd4 39.Ra1  1/2-1/2

[Event "Tal Memorial"]
[Site "Moscow RUS"]
[Date "2010.11.10"]
[Round "5"]
[White "Grischuk,A"]
[Black "Mamedyarov,S"]
[Result "1/2-1/2"]
[WhiteElo "2771"]
[BlackElo "2763"]

1.d4 Nf6 2.c4 g6 3.f3 d5 4.cxd5 Nxd5 5.e4 Nb6 6.Nc3 Bg7 7.Be3 O-O 8.Qd2 Nc6
9.O-O-O Qd6 10.h4 Rd8 11.Nb5 Qd7 12.h5 a6 13.Nc3 Nxd4 14.hxg6 fxg6 15.g4 Qc6
16.Qf2 Ne6 17.Rxd8+ Nxd8 18.Ne2 Nf7 19.Qh4 h6 20.Qxe7 Qd7 21.Qxd7 Bxd7 22.Bg2 Nc4
23.Bf2 Bb5 24.Nd4 Nce5 25.Be3 Bd7 26.Rd1 Rf8 27.Nd5 Kh7 28.Kb1 Nc4 29.Bc1 c6
30.Nc3 Bc8 31.Bf1 Nce5 32.Be2 c5 33.Nc2 b5 34.Nd5 c4 35.Nce3 Nd3 36.Bxd3 cxd3
37.f4 Nd6 38.f5 gxf5 39.exf5 Ne4 40.Nf4 Nf6 41.Nxd3 Re8 42.Rg1 Bf8 43.g5 hxg5
44.Rxg5 Bh6 45.Rg6 Bxe3 46.Rxf6 Kg7 47.Rd6 Bxf5 48.Bxe3 Rxe3 49.Kc2  1/2-1/2

[Event "VI World Blitz"]
[Site "Moscow RUS"]
[Date "2010.11.16"]
[Round "3.7"]
[White "Mamedyarov,S"]
[Black "Mamedov,Rau"]
[Result "1-0"]
[WhiteElo "2763"]
[BlackElo "2660"]

1.d4 d6 2.e4 g6 3.Nc3 Bg7 4.f4 Nf6 5.Nf3 O-O 6.Bd3 c6 7.e5 Nd5 8.Nxd5 cxd5
9.h4 Bg4 10.c3 Nc6 11.Be3 Qb6 12.Qd2 h5 13.Nh2 dxe5 14.fxe5 Be6 15.g4 hxg4
16.h5 f5 17.hxg6 f4 18.Nxg4 fxe3 19.Rh8+ Bxh8 20.Qh2 Rf7 21.gxf7+ Kxf7 22.Qh5+ Kg8
23.Qh7+ Kf8 24.Qxh8+ Bg8  1-0

[Event "VI World Blitz"]
[Site "Moscow RUS"]
[Date "2010.11.16"]
[Round "4.6"]
[White "Grachev,B"]
[Black "Mamedyarov,S"]
[Result "1/2-1/2"]
[WhiteElo "2654"]
[BlackElo "2763"]

1.d4 Nf6 2.Nf3 g6 3.Bf4 Bg7 4.e3 O-O 5.Be2 d6 6.h3 Nbd7 7.Bh2 Qe8 8.O-O e5
9.c4 Qe7 10.Nc3 c6 11.c5 dxc5 12.Nxe5 Nxe5 13.Bxe5 Rd8 14.Qb3 cxd4 15.exd4 Be6
16.Bc4 Bxc4 17.Qxc4 Nd5 18.Rfe1 Qh4 19.Re4 Qg5 20.Rae1 Bf8 21.Bg3 Nxc3 22.bxc3 Qd5
23.Qe2 Bg7 24.c4 Qf5 25.Be5 Re8 26.Bxg7 Rxe4 27.Qxe4 Qxe4 28.Rxe4 Kxg7  1/2-1/2

[Event "VI World Blitz"]
[Site "Moscow RUS"]
[Date "2010.11.16"]
[Round "6.5"]
[White "Savchenko,B"]
[Black "Mamedyarov,S"]
[Result "0-1"]
[WhiteElo "2632"]
[BlackElo "2763"]

1.e4 c5 2.Nf3 e6 3.d3 Nc6 4.g3 g6 5.Bg2 Bg7 6.O-O Nge7 7.Qe2 b5 8.e5 Qc7
9.Nc3 a6 10.Ne4 Nxe5 11.Nxe5 Bxe5 12.Nf6+ Bxf6 13.Bxa8 d5 14.Re1 Qa7 15.Qf3 Bg7
16.Bxd5 exd5 17.Qxd5 O-O 18.Qd6 Nf5 19.Qd5 Nd4 20.Bg5 Be6 21.Qg2 Nxc2 22.Rxe6 fxe6
23.Rc1 Nd4 24.Kh1 Nf3 25.Be3 Bd4 26.Qh3 Qf7 27.Bh6 Re8 28.b3 Qf5 29.Qg2 Qxd3
30.Be3 Qe4 31.h4  0-1

[Event "VI World Blitz"]
[Site "Moscow RUS"]
[Date "2010.11.16"]
[Round "7.6"]
[White "Mamedyarov,S"]
[Black "Nepomniachtchi,I"]
[Result "1-0"]
[WhiteElo "2763"]
[BlackElo "2720"]

1.d4 Nf6 2.c4 g6 3.g3 Bg7 4.Bg2 d5 5.cxd5 Nxd5 6.Nf3 O-O 7.Nc3 Nb6 8.Bf4 Be6
9.O-O Nc6 10.e3 h6 11.h4 Nd5 12.Rc1 Nxc3 13.Rxc3 Bd5 14.Qe2 f5 15.Rfc1 e6
16.a3 a5 17.Rc5 Rf7 18.Qb5 Na7 19.Qe2 Nc6 20.Qb5 Na7 21.Qd3 Nc6 22.Qe2 a4
23.Rb5 Ra7 24.Rbc5 Ra8 25.Qc2 Ra6 26.Rb5 Na7 27.Rc5 c6 28.Ne5 Rf6 29.Bf1 b5
30.Rc3 Qe8 31.Qd1 Rf8 32.Nd3 Rf7 33.Nb4 Rb6 34.Bg2 Bf8 35.Nd3 Qd8 36.Ne5 Rf6
37.f3 b4 38.axb4 Rxb4 39.Qd2  1-0

[Event "VI World Blitz"]
[Site "Moscow RUS"]
[Date "2010.11.16"]
[Round "10.8"]
[White "Vachier Lagrave,M"]
[Black "Mamedyarov,S"]
[Result "0-1"]
[WhiteElo "2703"]
[BlackElo "2763"]

1.e4 c5 2.Nf3 e6 3.d4 cxd4 4.Nxd4 Nc6 5.Nc3 Qc7 6.Be3 Nf6 7.Qd2 Nxd4 8.Bxd4 Bb4
9.Bd3 e5 10.Be3 O-O 11.O-O h6 12.Nb5 Qa5 13.c3 Be7 14.c4 Qd8 15.h3 a6 16.Nc3 d6
17.Rac1 Be6 18.Nd5 Nh5 19.Nxe7+ Qxe7 20.Be2 Nf6 21.Qd3 Rfd8 22.Rfd1 Rac8
23.Bb6 Rd7 24.b3 Nh7 25.Qe3 Qh4 26.Bd3 Ng5 27.Qg3 Qxg3 28.fxg3 f6 29.Rc2 Bf7
30.h4 Bh5 31.Rdd2 Ne6 32.c5 Nd4 33.c6 Nxc6 34.Kf2 Bf7 35.Rc3 d5 36.exd5 Rxd5
37.Ke3 e4 38.Bxe4 Re8 39.Re2 Rde5 40.Kf3 Rxe4  0-1

[Event "VI World Blitz"]
[Site "Moscow RUS"]
[Date "2010.11.16"]
[Round "12.9"]
[White "Karjakin,Sergey"]
[Black "Mamedyarov,S"]
[Result "1-0"]
[WhiteElo "2760"]
[BlackElo "2763"]

1.e4 c5 2.Nf3 e6 3.d4 cxd4 4.Nxd4 Nc6 5.Nc3 Qc7 6.Be3 Nf6 7.Bd3 a6 8.O-O Be7
9.Kh1 h5 10.f4 Ng4 11.Bg1 d6 12.a4 Bd7 13.Nb3 g5 14.f5 Nce5 15.a5 Bc6 16.Bb6 Qd7
17.Nd2 Bd8 18.Bd4 Bc7 19.h3 Nf6 20.fxe6 Qxe6 21.Bc4 Qe7 22.Bxe5 dxe5 23.Qf3 Rh6
24.Qe3 h4 25.Qxg5 Rg6 26.Qf5 Rd8 27.Nd5 Bxd5 28.Bxd5 Nxd5 29.exd5 Rxd5 30.Ne4 Rd4
31.c3 Rd8 32.Qh5 Kd7 33.Qf5+ Kc6 34.Ra4 Qe6 35.Qf3 Kb5 36.Rb4+ Kc6 37.Rxb7 Qd5
38.c4 Qd3 39.Qxf7 Rg7 40.Rxc7+  1-0

[Event "VI World Blitz"]
[Site "Moscow RUS"]
[Date "2010.11.17"]
[Round "16.10"]
[White "Mamedyarov,S"]
[Black "Eljanov,P"]
[Result "1/2-1/2"]
[WhiteElo "2763"]
[BlackElo "2742"]

1.d4 d5 2.c4 e6 3.Nc3 a6 4.cxd5 exd5 5.Nf3 c6 6.Qc2 Bd6 7.Bg5 Ne7 8.e4 dxe4
9.Qxe4 h6 10.Bh4 g5 11.Bg3 f5 12.Qc2 f4 13.Bd3 Be6 14.O-O-O Qd7 15.h4 fxg3
16.hxg5 Bf5 17.Rxh6 Rxh6 18.gxh6 gxf2 19.h7 Bxh7 20.Bxh7 Qe6 21.Kb1 Nd7 22.Ne4 O-O-O
23.Nxf2 Kb8 24.Ne4 Bc7 25.Nfg5 Qd5 26.Nf3 Rf8 27.Nc3 Qf7 28.Be4 Nf6 29.Bd3 Nfd5
30.Bc4 Qg7 31.Bxd5  1/2-1/2

[Event "VI World Blitz"]
[Site "Moscow RUS"]
[Date "2010.11.17"]
[Round "19.3"]
[White "Movsesian,S"]
[Black "Mamedyarov,S"]
[Result "0-1"]
[WhiteElo "2721"]
[BlackElo "2763"]

1.e4 d6 2.d4 Nf6 3.Nc3 g6 4.Be3 Ng4 5.Bg5 h6 6.Bh4 Bg7 7.h3 Nf6 8.e5 Nfd7
9.f4 g5 10.fxg5 hxg5 11.Bxg5 dxe5 12.Nf3 exd4 13.Nxd4 Ne5 14.Be2 c6 15.Qd2 Qxd4
16.Qxd4 Nf3+ 17.Bxf3 Bxd4 18.O-O-O Bxc3 19.bxc3 Be6 20.Rhe1 Nd7 21.Rd4 Nc5
22.Re5 Nd7 23.Re3 Nb6 24.Bg4 Rg8 25.Bxe6 Rxg5 26.Bg4 e6 27.h4 Rg8 28.Bf3 Ke7
29.h5 Rg5 30.Rh4 Rh8 31.c4 Nd7 32.g4 Nf6 33.Be2 Rd8 34.c3 Ng8 35.h6 Nf6 36.Reh3 Rh8
37.Kc2 Rg6 38.Rh2 Rg5 39.a4 b6 40.Rh1 Nd7 41.R1h2 Ne5 42.Rh1 Ng6 43.R4h2 Nf4
44.Bf3 c5 45.Rh4 Ng6 46.R4h2 Ne5 47.Be2 Nxg4 48.Bxg4 Rxg4 49.Kb3 f5 50.h7 Kf6
51.Rh6+ Rg6 52.R6h2 Kg7 53.Rd1 Kf6 54.Rd7 Rg7 55.Rh6+ Rg6 56.Rh2 Rg7 57.Rh6+ Kg5
58.Rxg7+ Kxh6 59.Rxa7 Rxh7 60.Ra6 Rb7 61.Kc2 Kg5 62.Ra8 f4 63.Kd3 Kf5 64.Rf8+ Ke5
65.Rd8 Rf7 66.Ke2 Ra7 67.Rb8 Rxa4 68.Kd3 Ra6 69.Rb7 Kf5 70.Rf7+ Ke5 71.Rb7 Ra8
72.Rxb6 Rd8+ 73.Ke2 Kf5 74.Rc6 Rh8 75.Rxc5+ Ke4 76.Rc7 Rh2+ 77.Kd1 Kd3 78.Ke1 e5
79.c5 e4 80.Rd7+ Ke3 81.Kd1 f3 82.c6 f2 83.Rf7 Rh1+  0-1

[Event "VI World Blitz"]
[Site "Moscow RUS"]
[Date "2010.11.17"]
[Round "22.7"]
[White "Mamedov,Rau"]
[Black "Mamedyarov,S"]
[Result "0-1"]
[WhiteElo "2660"]
[BlackElo "2763"]

1.e4 d6 2.d4 Nf6 3.Nc3 g6 4.f4 Bg7 5.Nf3 O-O 6.Bd3 Na6 7.e5 dxe5 8.dxe5 Nh5
9.Be3 Nb4 10.Qe2 Nxd3+ 11.cxd3 f6 12.O-O-O fxe5 13.fxe5 Nf4 14.Bxf4 Rxf4
15.Kb1 c6 16.Ka1 Be6 17.h4 Qa5 18.h5 b5 19.hxg6 b4 20.Ng5 Bxa2 21.gxh7+ Kh8
22.Nxa2 b3 23.Kb1 Qxa2+ 24.Kc1 Rd8 25.g3 Rc4+ 26.Kd2 Rc2+  0-1

[Event "VI World Blitz"]
[Site "Moscow RUS"]
[Date "2010.11.17"]
[Round "23.5"]
[White "Mamedyarov,S"]
[Black "Grachev,B"]
[Result "0-1"]
[WhiteElo "2763"]
[BlackElo "2654"]

1.d4 d5 2.c4 c6 3.Nf3 Nf6 4.Qc2 e6 5.g3 dxc4 6.Qxc4 b5 7.Qc2 Bb7 8.Bg5 Nbd7
9.a4 Rc8 10.Bg2 a6 11.O-O Qb6 12.Nbd2 c5 13.Rfc1 Be7 14.e4 h6 15.Bxf6 Nxf6
16.e5 Nd5 17.axb5 axb5 18.Ne4 Nb4 19.Qe2 Bxe4 20.Qxe4 O-O 21.dxc5 Bxc5 22.Rf1 Rfd8
23.Rae1 Rd5 24.h4 Rcd8 25.h5 Nd3 26.Re2 Qa7 27.b3 Qa3 28.g4 Qxb3 29.g5 Qc4
30.g6 Qxe4 31.Rxe4 fxg6 32.Bh3 Kf7 33.hxg6+ Ke7 34.Kg2 Rf8 35.Kg3 b4 36.Rc4 b3
37.Nd2 Nxe5 38.Re4 Rxd2 39.Rxe5 Bd6  0-1

[Event "VI World Blitz"]
[Site "Moscow RUS"]
[Date "2010.11.17"]
[Round "26.5"]
[White "Nepomniachtchi,I"]
[Black "Mamedyarov,S"]
[Result "1-0"]
[WhiteElo "2720"]
[BlackElo "2763"]

1.e4 c5 2.Nf3 e6 3.d4 cxd4 4.Nxd4 Nc6 5.Nc3 Qc7 6.Be3 Nf6 7.Qd2 Nxd4 8.Bxd4 e5
9.Be3 Bb4 10.f3 O-O 11.O-O-O d6 12.a3 Bxc3 13.Qxc3 Qxc3 14.bxc3 Rd8 15.Bb5 Be6
16.Rd2 Kf8 17.Rhd1 Ke7 18.Kb2 h6 19.g4 a6 20.Ba4 Rac8 21.Bb6 h5 22.g5 Nh7
23.h4 Nf8 24.Bxd8+ Rxd8 25.Bb3 Ng6 26.Rh2 Rc8 27.Bd5 Nf4 28.c4 Rc5 29.Rhd2 Bc8
30.Rb1 Ng6 31.Rh2 Be6 32.Kc1 b5 33.Bxe6 Kxe6 34.cxb5 axb5 35.Rb3 d5 36.Kd2 dxe4
37.fxe4 Rc4 38.Rb4 Rc5 39.Rh3 Kd6 40.Rf3 Ke6 41.Rc3 Rxc3 42.Kxc3 Nxh4 43.Rxb5 Nf3
44.a4 Nxg5 45.a5 Nxe4+ 46.Kb4 h4 47.a6 h3 48.Rb8 Nf6 49.a7 Nd5+ 50.Kc5 Nc7
51.Kc6 h2 52.Rh8 Na8 53.Kb7  1-0

[Event "VI World Blitz"]
[Site "Moscow RUS"]
[Date "2010.11.18"]
[Round "29"]
[White "Mamedyarov,S"]
[Black "Vachier Lagrave,M"]
[Result "1-0"]
[WhiteElo "2763"]
[BlackElo "2703"]

1.d4 Nf6 2.c4 g6 3.g3 Bg7 4.Bg2 O-O 5.Nc3 Nc6 6.Nf3 d5 7.cxd5 Nxd5 8.O-O Bf5
9.Ne1 Be6 10.Nc2 Nxc3 11.bxc3 Na5 12.e4 Qd7 13.Bf4 Rac8 14.h4 Bg4 15.Bf3 Bh3
16.Re1 c5 17.Rb1 b6 18.d5 Bxc3 19.Re3 Bg7 20.g4 Nc4 21.Kh2 f5 22.exf5 gxf5
23.Kxh3 Nxe3 24.Nxe3 Rcd8 25.Qc2 e5 26.dxe6 Qxe6 27.Nxf5 Qd7 28.Be4 Bf6 29.f3 Kh8
30.h5 Qe6 31.Ng3 Be5 32.Bf5 Qd6 33.Rd1 Qf6 34.g5 Qe7 35.Re1 Rd5 36.Bxe5+  1-0

[Event "VI World Blitz"]
[Site "Moscow RUS"]
[Date "2010.11.18"]
[Round "32"]
[White "Svidler,P"]
[Black "Mamedyarov,S"]
[Result "1-0"]
[WhiteElo "2722"]
[BlackElo "2763"]

1.e4 c5 2.Nf3 e6 3.d4 cxd4 4.Nxd4 Nc6 5.Nc3 Qc7 6.Be2 Nf6 7.O-O Be7 8.Be3 a6
9.f4 d6 10.Qe1 O-O 11.Qg3 Bd7 12.Kh1 b5 13.a3 Rac8 14.e5 Ne8 15.Nf3 f6 16.exf6 Nxf6
17.Bd3 Na5 18.Rae1 Nc4 19.Bc1 Nxa3 20.Ng5 Nc4 21.Qh3 h6 22.Nxe6 Qb7 23.Qg3 Bxe6
24.Rxe6 Bd8 25.Qg6 d5 26.Rfe1 Kh8 27.Nxd5 Qf7 28.Qxf7 Rxf7 29.Re8+ Ng8 30.Bg6  1-0